000 00393nam a2200169Ia 4500
008 170705s9999 xx 000 0 und d
020 _a439287162
245 _aFirefighters a to z /
245 _cby Chris L. Demarest.
260 _aNew York :
260 _bScholastic,
260 _c2000
300 _aunpaged :
300 _bcolor illustration ;
300 _c30cm.
500 _a310
999 _c337394
_d337394